| LEADER | 00691nam a2200205Ia 4500 | ||
|---|---|---|---|
| 001 | 006113478-3 | ||
| 005 | 20020606163548.3 | ||
| 008 | 830505s1909 gw a 000 1 ger d | ||
| 035 | 0 | |a ocm09480893 | |
| 040 | |a ZIH |c ZIH |d HLS | ||
| 090 | |a PT2438.M7 |b A667 | ||
| 100 | 1 | |a Musäus, Johann Karl August, |d 1735-1787. | |
| 245 | 1 | 4 | |a Die Märchen vom Rübezahl / |c erzählt von J.K.A. Musäus ; für die Jugend von Christian Morgenstern ; mit 47 Illustrationen von Max Slevogt. |
| 260 | |a Berlin : |b B. Cassirer, |c 1909. | ||
| 300 | |a 98 p. : |b ill. ; |c 22 cm. | ||
| 630 | 0 | 0 | |a Rübezahl. |
| 700 | 1 | |a Morgenstern, Christian, |d 1871-1914. | |
| 700 | 1 | |a Slevogt, Max, |d 1868-1932. | |
| 988 | |a 20020608 | ||
| 906 | |0 OCLC | ||


